| 000 | 00605nam a2200193Ia 4500 | ||
|---|---|---|---|
| 999 |
_c58776 _d58776 |
||
| 003 | GCL | ||
| 005 | 20240530110127.0 | ||
| 008 | 140319s9999 xx 000 0 ara d | ||
| 040 |
_aGCL / _cGCL |
||
| 082 | 0 | 4 |
_a258 _bع ك |
| 100 | 1 | _aعبدالرحمن الجزيرى | |
| 245 | 1 | 0 |
_aكتاب الفقه على المذاهب الاربعة / _cعبدالرحمن الجزيرى |
| 260 |
_a[S.N] : _bمكتبة المجلد العربى، _c1935 |
||
| 300 |
_a5 جزء ؛ _c24 سم. |
||
| 650 | 0 | 4 | _aالاسلام |
| 650 | 0 | 4 | _aالفقه الاسلامى |
| 650 | 0 | 4 | _aالدين |
| 942 |
_2ddc _cBK |
||